Countries with I in Their name - Statistics

General Stats
  • This quiz has been taken 2,760 times
    2,452 since last reset
  • The average score is 95 of 119
Answer Stats
Continent Country % Correct
Asia India
97%
Asia Indonesia
96%
Europe Iceland
95%
Europe Ireland
95%
Oceania Australia
93%
Asia Iran
93%
Europe Italy
93%
Asia Iraq
92%
Europe United Kingdom
91%
South America Argentina
90%
Europe Austria
90%
Asia Israel
90%
Africa Algeria
89%
South America Chile
89%
North America United States
89%
South America Brazil
88%
Asia China
88%
Europe/Asia Russia
88%
Europe Belgium
86%
North America Dominica
86%
Europe Finland
86%
Africa Libya
86%
Europe Albania
85%
Europe Lithuania
85%
North America Belize
84%
South America Bolivia
84%
South America Colombia
84%
Europe Estonia
84%
Oceania Fiji
84%
Africa Guinea
84%
North America Haiti
84%
North America Saint Kitts and Nevis
84%
North America Saint Lucia
84%
Asia Armenia
83%
Europe Bosnia and Herzegovina
83%
North America Dominican Republic
83%
Africa Ivory Coast (Côte d'Ivoire)
83%
Europe Latvia
83%
North America Mexico
83%
Europe Bulgaria
82%
Africa Ethiopia
82%
Africa Niger
82%
North America Saint Vincent and the Grenadines
82%
Europe Spain
82%
Asia Azerbaijan
81%
North America Jamaica
81%
Oceania Kiribati
81%
Africa Nigeria
81%
Asia Pakistan
81%
Europe Romania
81%
Europe Slovakia
81%
Europe Slovenia
81%
North America Antigua and Barbuda
80%
Africa Democratic Republic of the Congo
80%
Africa Guinea-Bissau
80%
Africa Mali
80%
Africa Tunisia
80%
Asia Vietnam
80%
Africa Zambia
80%
Asia Afghanistan
79%
Europe Croatia
79%
Asia Tajikistan
79%
Asia Thailand
79%
North America Trinidad and Tobago
79%
Asia United Arab Emirates
79%
North America Costa Rica
78%
Africa Djibouti
78%
Africa Liberia
78%
Asia Saudi Arabia
78%
Africa South Africa
78%
Europe Switzerland
78%
Europe Vatican City
78%
Africa Zimbabwe
78%
North America Nicaragua
77%
Europe Ukraine
77%
Asia Brunei
76%
Asia Cambodia
76%
Africa Central African Republic
76%
Europe Czechia (Czech Republic)
76%
Africa Equatorial Guinea
76%
Africa Eritrea
76%
Asia Georgia
76%
Europe Liechtenstein
76%
Africa Republic of the Congo
76%
Europe Serbia
76%
Asia Singapore
76%
Oceania Federated States of Micronesia
75%
Oceania Marshall Islands
75%
Africa Mauritius
75%
Asia Mongolia
75%
Africa Namibia
75%
South America Suriname
75%
Africa Tanzania
75%
Asia Turkmenistan
75%
Asia Uzbekistan
75%
Asia Maldives
74%
Asia Philippines
74%
Oceania Solomon Islands
74%
Asia Taiwan
74%
Asia Bahrain
73%
Africa Benin
73%
Africa Burundi
73%
Africa Eswatini (Swaziland)
73%
Africa Gambia
73%
Africa Malawi
73%
Africa Mauritania
73%
Europe San Marino
73%
Africa Somalia
73%
Asia Syria
73%
Asia Malaysia
72%
Asia Sri Lanka
72%
Africa Burkina Faso
71%
Asia Kuwait
71%
Europe North Macedonia
71%
Asia East Timor (Timor-Leste)
69%
Oceania Papua New Guinea
69%
Africa Sierra Leone
69%
Africa Mozambique
67%
Africa São Tomé and Príncipe
64%
No matching quizzes found
Score Distribution
Percent of People with Each Score
Percentile by Number Answered
Your Score History
You have not taken this quiz since the last reset